000 00261nam a2200133Ia 4500
100 _aPolyakov/G
942 _cBK
654 _awiring
245 _aIndustrial Wiring
260 _bProgress Publishers
082 _a621.3
300 _a308
546 _aENGLISH
999 _c21186
_d21186